1801 1442 1175 1489 1918 1893 1824 1693 1077 1165 1154 1883 1768 1122 1310 1811 1825 1102 1318 1253 1598 1551 1437 1461 1981 1408 1383 1276 1932 1691 1720 1352 1755 1544 1047 1308 1944 1066 1102 1896 1153 1217 1595 1688 1892 1768 1881 1155 1575 1709 1496 1266 1875 1820 1861 1059 1019 1551 1771 1140 1618 1273 1027 1134 1128 1223 1860 1063 1823 1711 1598 1697 1046 1231 1487 1479 1278 1602 1180 1908 1579 1933 1622 1172 1879 1128 1653 1094 1073 1517 1697 1664 1748 1281 1003 1237 1321 1021 1165 BCNSPRNW ULIB Ver.6.0+V

เปลี่ยนเป็นภาษาไทย

Change to English
 แสดงรายละเอียดบรรณานุกรม
  กลับหน้าหลัก

Brief Record : Get Marc (ISO 2709) : E-mail record : QR code < ปิดหน้าต่าง
LEADER : 00000nam 2200000uu 4500
001    13399128169
003     ULIB
008    220802s2564||||th 000 0 tha d
020 ^- ^a9786160041626
050 ^- ^aนว^bช132ส
100 0^ ^aชญาน์พิมพ์
245 ^- ^aสาปริษยา /^cชญาน์พิมพ์
250    ^aพิมพ์ครั้งที่ 1
260 ^- ^aกรุงเทพฯ :^bสถาพรบุ๊คส์,^c2564
300 ^- ^a552 หน้า ;^c21 ซม.
650 ^4 ^aนวนิยายไทย
945    ^p380^l0^i009258
999    ^aประนอม เกษจรัล
รายการนี้ยังไม่มีแท็ก
คุณยังไม่ได้ล็อกอิน คุณสามารถมีกิจกรรมร่วมกับเว็บไซต์ได้ แต่ต้องล็อกอินก่อน ::
  ล็อกอิน

รายการสื่อสารสนเทศ

ลำดับที่ ประเภท เลขเรียก/บาร์โค้ด สถานที่ สถานะ
1. นวนิยาย
นวนิยาย
นว ช132ส ฉ.1 
  Barcode: 009258
ห้องสมุดวิทยาเขตนครสวรรค์
►นวนิยาย:l:Fiction
บนชั้น

รายการใกล้เคียง
    ผู้แต่ง [ชญาน์พิมพ์]

    หัวเรื่อง [นวนิยายไทย]

BibComment


ยังไม่เคยถูกคอมเมนท์

คอมเมนท์ทรัพยากรรายการนี้
  คอมเมนท์: สาปริษยา ชญาน์พ..


 Copyright 2026. Bcnsprnw @Library